000 00812nam a2200193Ii 4500
003 JO-AjNU
008 230605s9999||||xx |||||||||||||| ||und||
040 _aJO-AjNU
_bara
_erda
_cJO-AjNU
041 _aara
050 1 4 _aDS106.F38 2006
100 3 _aتحقيق وتعليق البغاج، مزاحم علي عشيش؛ تحقيق وتعليق الديارنة، عمر محمد,
_eauthor
_99323
245 0 0 _aأوراق من رحلة الشيخ محمد أمين الفتال إلى بيت المقدس
264 3 1 _aعمان: دار اليراع للنشر والتوزيع، 2006
300 _a91ص
336 _atext
_btxt
_2rdacontent
337 _aunmediated
_bn
_2rdamedia
338 _avolume
_bnc
_2rdacarrier
650 4 _aبيت المقدس- رحلة الشيخ امين الفتال- تاريخ
_99324
999 _aA1240
_c4808
_d4808